Aula taller 5º grado
Guardado en:
| Formato: | Libro |
|---|---|
| Publicado: |
Buenos Aires :
Estrada
|
| Materias: | |
| Etiquetas: |
Agregar Etiqueta
Sin Etiquetas, Sea el primero en etiquetar este registro!
|
| LEADER | 00681nam a22002175a 4500 | ||
|---|---|---|---|
| 001 | CEM.cems012571 | ||
| 005 | 20070823190148.0 | ||
| 008 | 130507b######################000#0#####d | ||
| 003 | CEMS | ||
| 020 | |a 9500103818 | ||
| 082 | 0 | 4 | |a SG372.242 |
| 245 | 0 | 0 | |a Aula taller 5º grado |
| 260 | |a Buenos Aires : |b Estrada | ||
| 300 | |a 570 p. | ||
| 500 | |a Texto activo para la escuela primaria bonaerense | ||
| 653 | |a Educación | ||
| 653 | |a Educación primaria | ||
| 653 | |a Manuales-5º egb | ||
| 653 | |a Biblioteca maría de los angeles saggio | ||
| 859 | |a CEMS |b BIB. CEMS - 11 de abril |h SG372.242 |i Au52 |p 23822.07 |t Ej.2 | ||
| 859 | |a CEMS |b BIB. CEMS - 11 de abril |h SG372.242 |i Au52 |p 23863.07 |t Ej.1 | ||
